[Event "ECC"]
[Site "Rethymnon"]
[Date "2003.10.01"]
[Round "4"]
[White "Ivanchuk, Vassily"]
[Black "Grischuk, Alexander"]
[Result "1/2-1/2"]
[WhiteElo "2710"]
[BlackElo "2732"]
[PlyCount "48"]
[EventDate "2003.09.28"]
[Source "Roberto Alvarez"]
[SourceDate "2003.10.06"]

1. e4 e5 2. Nf3 Nc6 3. Bb5 a6 4. Ba4 Nf6 5. O-O Nxe4 6. d4 b5 7. Bb3 d5 8. dxe5 Be6 9. c3 Bc5 10. Nbd2 O-O 11. Bc2 Bf5 12. Nb3 Bg6 13. Nfd4 Bxd4 14. cxd4 a5 15. Be3 a4 16. Nd2 f6 17. Rc1 fxe5 18. Nxe4 dxe4 19. d5 Ne7 20. Bc5 Rf7 21. d6 cxd6 22. Qxd6 Qxd6 23. Bxd6 Nd5 24. Bxa4 bxa4 1/2-1/2

[Event "Amber-blind 4th"]
[Site "Monte Carlo"]
[Date "1995.??.??"]
[Round "9"]
[White "Ivanchuk, Vassily"]
[Black "Piket, Jeroen"]
[Result "1/2-1/2"]
[WhiteElo "2700"]
[BlackElo "2670"]
[PlyCount "141"]
[EventDate "1995.03.??"]
[Source "ChessBase"]

1. e4 e5 2. Nf3 Nc6 3. Bb5 a6 4. Ba4 Nf6 5. O-O Nxe4 6. d4 b5 7. Bb3 d5 8. dxe5 Be6 9. c3 Bc5 10. Nbd2 O-O 11. Bc2 f5 12. exf6 Nxf6 13. Nb3 Bb6 14. Re1 Qd6 15. Be3 Bxe3 16. Rxe3 Rae8 17. h3 Bf7 18. Qd2 b4 19. Rae1 Rxe3 20. Rxe3 bxc3 21. Qxc3 Rb8 22. Re2 Nb4 23. Bb1 Ne4 24. Qe5 Nc6 25. Qxd6 Nxd6 26. Nc5 a5 27. Ng5 g6 28. b3 Rb4 29. Bd3 h6 30. Nge6 a4 31. Nxa4 Bxe6 32. Rxe6 Kf7 33. Nc5 Ne7 34. Re1 Nb7 35. Na6 Rd4 36. Rd1 c5 37. Nxc5 Nxc5 38. Bxg6+ Nxg6 39. Rxd4 Ke6 40. b4 Ne4 41. b5 Ne5 42. b6 Nc6 43. b7 Kd6 44. Kf1 Kc5 45. Ra4 Kb6 46. Ra8 Kxb7 47. Rh8 Nb4 48. Rxh6 Nd3 49. Rh7+ Kc6 50. Rf7 d4 51. h4 Ne5 52. Rf5 Kd6 53. h5 d3 54. Rf8 Ke7 55. Rc8 Ng4 56. Rc1 Ngxf2 57. h6 Kf6 58. Rc6+ Kg5 59. Rc8 Kxh6 60. Rd8 Kg5 61. a4 Kf4 62. a5 Ke3 63. Rxd3+ Nxd3 64. g4 Kf3 65. g5 Nd2+ 66. Kg1 Kg3 67. g6 Nf4 68. g7 Nh3+ 69. Kh1 Nf2+ 70. Kg1 Nh3+ 71. Kh1 1/2-1/2

[Event "Tilburg"]
[Site "?"]
[Date "1988.??.??"]
[Round "?"]
[White "Short, N."]
[Black "Timman, J."]
[Result "1/2-1/2"]
[WhiteElo "2665"]
[BlackElo "2660"]
[PlyCount "82"]
[EventDate "1988.??.??"]
[Source "ChessBase"]
[SourceDate "1988.07.01"]

1. e4 e5 2. Nf3 Nc6 3. Bb5 a6 4. Ba4 Nf6 5. O-O Nxe4 6. d4 b5 7. Bb3 d5 8. dxe5 Be6 9. c3 Bc5 10. Nbd2 O-O 11. Bc2 Bf5 12. Nb3 Bg6 13. Bf4 Bb6 14. a4 Qd7 15. axb5 axb5 16. Rxa8 Rxa8 17. Nfd4 b4 18. Bd3 bxc3 19. Bb5 Nxf2 20. Rxf2 Nxd4 21. Bxd7 Nxb3 22. bxc3 Ra1 23. Qxa1 Nxa1 24. Bc6 Be4 25. c4 Nc2 26. Bd2 Na3 27. Bxd5 Bxd5 28. cxd5 Nc4 29. Bc3 Kf8 30. g4 Ke8 31. h4 g6 32. Kg2 Bxf2 33. Kxf2 Nb6 34. d6 c6 35. Kf3 Kd7 36. Bd4 Nd5 37. h5 Ke6 38. Ke4 Nb4 39. Bc3 Nd5 40. Bd4 Nb4 41. Bc3 Nd5 1/2-1/2

[Event "Yerevan (ol)"]
[Site "?"]
[Date "1996.??.??"]
[Round "?"]
[White "Short, N."]
[Black "Timman, J."]
[Result "1/2-1/2"]
[WhiteElo "2695"]
[BlackElo "2590"]
[PlyCount "74"]
[EventDate "1996.??.??"]
[Source "ChessBase"]
[SourceDate "1996.06.01"]

1. e4 e5 2. Nf3 Nc6 3. Bb5 a6 4. Ba4 Nf6 5. O-O Nxe4 6. d4 b5 7. Bb3 d5 8. dxe5 Be6 9. c3 Bc5 10. Nbd2 O-O 11. Bc2 Bf5 12. Nb3 Bg6 13. Nfd4 Bxd4 14. cxd4 a5 15. Be3 a4 16. Nc1 a3 17. b3 f6 18. exf6 Qxf6 19. Ne2 Nb4 20. Bb1 Qe7 21. Re1 Nxf2 22. Bxf2 Bxb1 23. Rxb1 Rxf2 24. Kxf2 Rf8+ 25. Nf4 Rxf4+ 26. Kg1 Re4 27. Qd2 Nd3 28. Rf1 Rxd4 29. Rf3 Nf4 30. Qf2 g5 31. Re3 Re4 32. Rxe4 dxe4 33. Qe3 Nd3 34. Rf1 Qe5 35. Kh1 Kg7 36. h4 g4 37. g3 h6 1/2-1/2

[Event "Linares"]
[Site "?"]
[Date "1990.??.??"]
[Round "?"]
[White "Ivanchuk, V."]
[Black "Yusupov, A."]
[Result "1/2-1/2"]
[WhiteElo "2665"]
[BlackElo "2615"]
[PlyCount "84"]
[EventDate "1990.??.??"]
[Source "ChessBase"]
[SourceDate "1990.01.01"]

1. e4 e5 2. Nf3 Nc6 3. Bb5 a6 4. Ba4 Nf6 5. O-O Nxe4 6. d4 b5 7. Bb3 d5 8. dxe5 Be6 9. c3 Bc5 10. Nbd2 O-O 11. Bc2 Nxf2 12. Rxf2 f6 13. exf6 Bxf2+ 14. Kxf2 Qxf6 15. Nf1 Ne5 16. Be3 Rae8 17. Bc5 Nxf3 18. gxf3 Rf7 19. Ng3 Bg4 20. Kg1 Qxf3 21. Qxf3 Bxf3 22. Rf1 Rf6 23. b4 c6 24. Bf5 Be2 25. Re1 Bh5 26. Rxe8+ Bxe8 27. Be7 Rh6 28. Bg5 Rd6 29. Be7 Rh6 30. Bc8 Bf7 31. Bxa6 Be6 32. Bc5 Bd7 33. Bb7 Kf7 34. Ne2 Ke6 35. Nd4+ Ke5 36. Nb3 Ke4 37. Bf2 Bh3 38. Nd4 Rg6+ 39. Bg3 Rf6 40. Bf2 Rg6+ 41. Bg3 Rf6 42. Bf2 Rg6+ 1/2-1/2

[Event "Open Aeroflot"]
[Site "Mosca RUS"]
[Date "2007.02.18"]
[Round "5"]
[White "Gashimov, V."]
[Black "Jussupow, Ar"]
[Result "1/2-1/2"]
[WhiteElo "2658"]
[BlackElo "2599"]
[PlyCount "29"]
[EventDate "2007.02.14"]
[Source "www.chesslib.no"]
[SourceDate "2004.05.04"]

1. e4 e5 2. Nf3 Nc6 3. Bb5 a6 4. Ba4 Nf6 5. O-O Nxe4 6. d4 b5 7. Bb3 d5 8. dxe5 Be6 9. c3 Bc5 10. Qd3 Ne7 11. Be3 O-O 12. Nbd2 Bxe3 13. Qxe3 Nxd2 14. Qxd2 c5 15. Rad1 1/2-1/2

[Event "Hilversum (m/6)"]
[Site "?"]
[Date "1987.??.??"]
[Round "?"]
[White "Ljubojevic, Lj"]
[Black "Timman, J."]
[Result "0-1"]
[WhiteElo "2625"]
[BlackElo "2630"]
[PlyCount "102"]
[EventDate "1987.??.??"]
[Source "ChessBase"]
[SourceDate "1987.07.01"]

1. e4 e5 2. Nf3 Nc6 3. Bb5 a6 4. Ba4 Nf6 5. O-O Nxe4 6. d4 b5 7. Bb3 d5 8. dxe5 Be6 9. c3 Bc5 10. Bc2 O-O 11. Nbd2 Bf5 12. Nb3 Bg6 13. Qe2 Re8 14. Nxc5 Nxc5 15. Bxg6 hxg6 16. Bg5 Qd7 17. Rad1 Ne6 18. Qd2 Nxg5 19. Qxg5 Qe7 20. Qxe7 Nxe7 21. Rfe1 c5 22. Ng5 a5 23. g4 b4 24. Kg2 Rab8 25. Re2 a4 26. Rd3 a3 27. bxa3 c4 28. Rf3 bxc3 29. Rxc3 Nc6 30. Rd2 Rb5 31. f4 f6 32. exf6 gxf6 33. Nf3 Re4 34. Kg3 Kf7 35. h4 Rc5 36. Rd1 Re2 37. Nd2 Ra5 38. h5 gxh5 39. gxh5 Ne7 40. Kg4 Nf5 41. Rh3 Re3 42. Nb1 Nh6+ 43. Kh4 Nf5+ 44. Kg4 d4 45. Rdh1 Nh6+ 46. Kh4 Rxh3+ 47. Rxh3 Rb5 48. Rh1 c3 49. Nxc3 dxc3 50. Rc1 Nf5+ 51. Kg4 c2 0-1

[Event "Moscow RUS"]
[Site "?"]
[Date "2005.02.20"]
[Round "6"]
[White "Karjakin Sergey"]
[Black "Kaidanov Gregory S"]
[Result "1/2-1/2"]
[WhiteElo "2599"]
[BlackElo "2629"]
[PlyCount "75"]
[EventDate "2005.??.??"]
[Source "www.chesslib.no"]
[SourceDate "2004.05.04"]

1. e4 e5 2. Nf3 Nc6 3. Bb5 a6 4. Ba4 Nf6 5. O-O Nxe4 6. d4 b5 7. Bb3 d5 8. dxe5 Be6 9. c3 Bc5 10. Nbd2 O-O 11. Bc2 Bf5 12. Nb3 Bg6 13. Nfd4 Bxd4 14. cxd4 a5 15. Be3 a4 16. Nc1 a3 17. b3 f6 18. Nd3 fxe5 19. Nxe5 Nxe5 20. Bxe4 dxe4 21. dxe5 Re8 22. Rc1 Rxe5 23. Qxd8+ Rxd8 24. Rxc7 Red5 25. h3 h5 26. g4 hxg4 27. hxg4 Bf7 28. Kg2 Rd1 29. Rxd1 Rxd1 30. Rc1 Rxc1 31. Bxc1 e3 32. Bxa3 exf2 33. Kxf2 Be8 34. Ke3 Kf7 35. g5 Ke6 36. Kd4 g6 37. Kc5 Bd7 38. Bb2 1/2-1/2

[Event "Monaco (m/2)"]
[Site "?"]
[Date "1994.??.??"]
[Round "?"]
[White "Ljubojevic, Lj"]
[Black "Piket, Je"]
[Result "0-1"]
[WhiteElo "2600"]
[BlackElo "2605"]
[PlyCount "134"]
[EventDate "1994.??.??"]
[Source "ChessBase"]
[SourceDate "1994.02.01"]

1. e4 e5 2. Nf3 Nc6 3. Bb5 a6 4. Ba4 Nf6 5. O-O Nxe4 6. d4 b5 7. Bb3 d5 8. dxe5 Be6 9. c3 Bc5 10. Nbd2 O-O 11. Bc2 Bf5 12. Nb3 Bxf2+ 13. Rxf2 Nxf2 14. Kxf2 Bxc2 15. Qxc2 f6 16. Qf5 Nxe5 17. Be3 Re8 18. Rd1 c6 19. Bc5 Nc4 20. Qb1 Qc7 21. Nbd2 Na5 22. Qd3 Nb7 23. Be3 Re7 24. Qd4 Rae8 25. Qb6 Qd7 26. Re1 Nd6 27. Qxa6 Nf5 28. Nf1 Re4 29. Qb6 Qe6 30. N3d2 d4 31. cxd4 Rxe3 32. Nxe3 Nxe3 33. Kg1 Qd7 34. Qc5 Nd5 35. Rxe8+ Qxe8 36. Nf3 Qe3+ 37. Kf1 Qd3+ 38. Kf2 Qe3+ 39. Kf1 Qe4 40. Qc1 g5 41. h3 Kf7 42. a3 h5 43. Qe1 Qd3+ 44. Kg1 Ne3 45. Qf2 Ke6 46. Qe1 Kd7 47. Kf2 Nd1+ 48. Kg3 Ne3 49. Qa5 Nf5+ 50. Kh2 g4 51. hxg4 hxg4 52. Qd2 Qe4 53. Ne1 g3+ 54. Kg1 Qxd4+ 55. Qxd4+ Nxd4 56. Nd3 Kd6 57. Kf1 Kd5 58. Ke1 Kc4 59. Kd2 Nf3+ 60. Kc2 Nd4+ 61. Kd2 Kb3 62. Kc1 Ne6 63. Kb1 f5 64. Nc1+ Kc4 65. b3+ Kc3 66. a4 Kd2 67. a5 f4 0-1

[Event "Camp. russo a squadre 2007"]
[Site "Sochi RUS"]
[Date "2007.05.05"]
[Round "4"]
[White "Amonatov, F."]
[Black "Korchnoi, V."]
[Result "1-0"]
[WhiteElo "2574"]
[BlackElo "2623"]
[PlyCount "79"]
[EventDate "2007.05.02"]
[Source "www.chesslib.no"]
[SourceDate "2004.05.04"]

1. e4 e5 2. Nf3 Nc6 3. Bb5 a6 4. Ba4 Nf6 5. O-O Nxe4 6. d4 b5 7. Bb3 d5 8. dxe5 Be6 9. c3 Bc5 10. Qd3 O-O 11. Nbd2 Ng5 12. Bc2 g6 13. Nxg5 Bf5 14. Qg3 Bxc2 15. Ndf3 Bf5 16. Rd1 Be7 17. Qh4 h5 18. Qg3 Qd7 19. Bf4 Rfe8 20. Rd2 Bf8 21. Rad1 Ne7 22. Nxf7 Bg4 23. N3g5 Nf5 24. Qd3 Bxd1 25. Rxd1 c6 26. h3 Bg7 27. g4 hxg4 28. hxg4 Ne3 29. Bxe3 Qxg4+ 30. Kf1 Re7 31. e6 Rae8 32. f3 Qh5 33. Kg2 Rxe6 34. Nxe6 Rxe6 35. Rh1 Qf5 36. Nh6+ Bxh6 37. Qxf5 gxf5 38. Bxh6 Re2+ 39. Kg3 Rxb2 40. Rh2 1-0

[Event "Novgorod (open)"]
[Site "?"]
[Date "1995.??.??"]
[Round "?"]
[White "Dvoirys, S."]
[Black "Korneev, O."]
[Result "1-0"]
[WhiteElo "2580"]
[BlackElo "2605"]
[PlyCount "71"]
[EventDate "1995.??.??"]
[Source "ChessBase"]
[SourceDate "1995.10.01"]

1. e4 e5 2. Nf3 Nc6 3. Bb5 a6 4. Ba4 Nf6 5. O-O Nxe4 6. d4 b5 7. Bb3 d5 8. dxe5 Be6 9. c3 Bc5 10. Qe2 O-O 11. Be3 Bxe3 12. Qxe3 Ne7 13. Nbd2 Nxd2 14. Nxd2 c6 15. Bc2 Qd7 16. Nb3 Bf5 17. Bxf5 Nxf5 18. Qh3 Qe6 19. f4 g6 20. g4 Ng7 21. Nd4 Qd7 22. f5 c5 23. Nf3 h5 24. Ng5 f6 25. e6 Qe7 26. Nf7 Nxe6 27. fxg6 Ng5 28. Nxg5 fxg5 29. gxh5 Kg7 30. Rae1 Rxf1+ 31. Qxf1 Qd7 32. Qe2 Kh6 33. h4 Rf8 34. hxg5+ Kxg5 35. Qg2+ Kh6 36. Re5 1-0

[Event "Moscow RUS"]
[Site "Moscow RUS"]
[Date "1974.??.??"]
[Round "?"]
[White "Tseshkovsky, Vitaly V"]
[Black "Tal, Mikhail N"]
[Result "1-0"]
[WhiteElo "2545"]
[BlackElo "2635"]
[PlyCount "49"]
[EventDate "1974.??.??"]
[Source "www.chesslib.no"]
[SourceDate "2004.05.04"]

1. e4 e5 2. Nf3 Nc6 3. Bb5 a6 4. Ba4 Nf6 5. O-O Nxe4 6. d4 b5 7. Bb3 d5 8. dxe5 Be6 9. c3 Bc5 10. Nbd2 O-O 11. Qe2 Nxd2 12. Bxd2 d4 13. Qe4 Qd7 14. Bxe6 fxe6 15. Ng5 g6 16. Rad1 Rf5 17. Nf3 Raf8 18. Bh6 Rd8 19. Be3 Qd5 20. Qxd5 Rxd5 21. cxd4 Bb6 22. Rd2 Rf8 23. Rc1 Na5 24. b3 Kf7 25. Ng5+ 1-0

[Event "Kusadasi TUR"]
[Site "?"]
[Date "2006.04.14"]
[Round "10"]
[White "Palac Mladen"]
[Black "Atalik Suat"]
[Result "1/2-1/2"]
[WhiteElo "2561"]
[BlackElo "2618"]
[PlyCount "138"]
[EventDate "2006.??.??"]
[Source "www.chesslib.no"]
[SourceDate "2004.05.04"]

1. e4 e5 2. Nf3 Nc6 3. Bb5 a6 4. Ba4 Nf6 5. O-O Nxe4 6. d4 b5 7. Bb3 d5 8. dxe5 Be6 9. c3 Bc5 10. Qd3 Ne7 11. Be3 O-O 12. Nbd2 Bxe3 13. Qxe3 Nxd2 14. Nxd2 Nf5 15. Qd3 c5 16. Bc2 c4 17. Qh3 Qd7 18. Nf3 h6 19. Bxf5 Bxf5 20. Qg3 b4 21. Nd4 a5 22. Rfe1 Ra6 23. Qf4 Bd3 24. Re3 Qa4 25. a3 Rg6 26. h4 bxa3 27. bxa3 Qd7 28. h5 Rg5 29. Qh2 Qg4 30. Rh3 Qe4 31. Re3 Qg4 32. Rh3 Qe4 33. Kh1 Re8 34. f3 Qh7 35. Re1 Bf5 36. Rh4 Bd7 37. e6 Bxe6 38. f4 Rf5 39. g4 Rf6 40. f5 Rf8 41. fxe6 fxe6 42. Qe2 Qd3 43. Qxd3 cxd3 44. Kg2 Rf4 45. Kg3 Re4 46. Rhh1 d2 47. Rxe4 dxe4 48. Rd1 e3 49. Nc2 Rc8 50. Nxe3 Rxc3 51. Kf4 Rxa3 52. Rxd2 Kf7 53. Nc4 Ra4 54. Rd7+ Kf6 55. Rc7 Rb4 56. Kf3 Rb3+ 57. Ke4 Rc3 58. Kd4 Rf3 59. Nd6 e5+ 60. Kc5 Rc3+ 61. Nc4 a4 62. Rc6+ Kg5 63. Rg6+ Kf4 64. Rxg7 a3 65. Kb4 a2 66. Ra7 Rc2 67. Kb3 Rh2 68. Rxa2 Rxa2 69. Kxa2 Kxg4 1/2-1/2

[Event "Team Ch 2004"]
[Site "Gaia"]
[Date "2004.08.03"]
[Round "2.31"]
[White "Spraggett, Kevin"]
[Black "Korneev, Oleg"]
[Result "1-0"]
[WhiteElo "2584"]
[BlackElo "2587"]
[PlyCount "61"]
[EventDate "2004.08.02"]
[Source "Roberto Alvarez"]
[SourceDate "2004.10.05"]

1. e4 e5 2. Nf3 Nc6 3. Bb5 a6 4. Ba4 Nf6 5. O-O Nxe4 6. d4 b5 7. Bb3 d5 8. dxe5 Be6 9. c3 Bc5 10. Qe2 O-O 11. Be3 Qe7 12. Nbd2 Bxe3 13. Qxe3 Nxd2 14. Qxd2 Rad8 15. Rfe1 Bg4 16. Nd4 Nxd4 17. cxd4 c5 18. dxc5 Qxc5 19. Rac1 Qb6 20. Rc3 d4 21. Rg3 Be6 22. Qh6 g6 23. Bxe6 Qxe6 24. Rh3 Rfe8 25. Qxh7+ Kf8 26. Qh8+ Ke7 27. Qh4+ Kf8 28. Qg5 Kg8 29. f4 Qf5 30. Qh6 f6 31. e6 1-0

[Event "Leon"]
[Site "Leon"]
[Date "1994.??.??"]
[Round "5"]
[White "Leko, Peter"]
[Black "Kortschnoj, Viktor"]
[Result "1/2-1/2"]
[WhiteElo "2545"]
[BlackElo "2615"]
[PlyCount "42"]
[EventDate "1994.05.??"]
[Source "ChessBase"]

1. e4 e5 2. Nf3 Nc6 3. Bb5 a6 4. Ba4 Nf6 5. O-O Nxe4 6. d4 b5 7. Bb3 d5 8. dxe5 Be6 9. c3 Bc5 10. Nbd2 O-O 11. Bc2 Bf5 12. Nb3 Bg6 13. Nfd4 Bxd4 14. Nxd4 Qd7 15. f4 Nxd4 16. cxd4 f6 17. Be3 fxe5 18. fxe5 Rxf1+ 19. Qxf1 Rf8 20. Qe2 Qe6 21. Rf1 Rxf1+ 1/2-1/2

[Event "ch"]
[Site "Paris FRA"]
[Date "1984.??.??"]
[Round "?"]
[White "Lobron, Eric"]
[Black "Korchnoi, Viktor L"]
[Result "1/2-1/2"]
[WhiteElo "2520"]
[BlackElo "2635"]
[PlyCount "76"]
[EventDate "1984.??.??"]
[Source "www.chesslib.no"]
[SourceDate "2004.05.04"]

1. e4 e5 2. Nf3 Nc6 3. Bb5 a6 4. Ba4 Nf6 5. O-O Nxe4 6. d4 b5 7. Bb3 d5 8. dxe5 Be6 9. c3 Bc5 10. Nbd2 O-O 11. Bc2 Bf5 12. Nb3 Bg6 13. Nfd4 Bxd4 14. cxd4 a5 15. Be3 a4 16. Nd2 a3 17. Nxe4 axb2 18. Rb1 Bxe4 19. Rxb2 Qd7 20. Bd3 Bxd3 21. Qxd3 b4 22. Rc1 Rfb8 23. Qb1 Rb7 24. h3 Ra4 25. Rc5 h6 26. Qd1 Ra5 27. Qc1 Rxc5 28. Qxc5 Rb6 29. Bd2 Kh7 30. Kh2 Qe6 31. Rb3 f6 32. exf6 Qxf6 33. Qxd5 Nxd4 34. Rxb4 Rxb4 35. Qe4+ Kh8 36. Bxb4 Qxf2 37. Qe8+ Kh7 38. Qe4+ Kh8 1/2-1/2

[Event "Tilburg"]
[Site "?"]
[Date "2006.08.20"]
[Round "6"]
[White "Korneev Oleg"]
[Black "Ernst Sipke"]
[Result "1/2-1/2"]
[WhiteElo "2638"]
[BlackElo "2504"]
[PlyCount "141"]
[EventDate "2006.??.??"]
[Source "www.chesslib.no"]
[SourceDate "2004.05.04"]

1. e4 e5 2. Nf3 Nc6 3. Bb5 a6 4. Ba4 Nf6 5. O-O Nxe4 6. d4 b5 7. Bb3 d5 8. dxe5 Be6 9. c3 Bc5 10. Qe2 O-O 11. Be3 Bxe3 12. Qxe3 f6 13. exf6 Qxf6 14. Nbd2 Nxd2 15. Qxd2 Kh8 16. Nd4 Bg8 17. Nxc6 Qxc6 18. Rad1 Rad8 19. Rfe1 Qd6 20. Qg5 Rfe8 21. h3 c5 22. g3 h6 23. Qf5 Rf8 24. Qh5 Qf6 25. Re2 c4 26. Bc2 d4 27. cxd4 Rxd4 28. Rxd4 Qxd4 29. Qe5 Qd7 30. Qe7 Rd8 31. Qxd7 Rxd7 32. f4 Bf7 33. Kf2 Kg8 34. f5 Kf8 35. g4 Rc7 36. a3 a5 37. Re5 b4 38. Rxa5 c3 39. b3 Bxb3 40. Bxb3 c2 41. Bxc2 Rxc2+ 42. Ke1 b3 43. Kd1 Rc3 44. Rb5 b2 45. Rxb2 Rxa3 46. h4 Rh3 47. Rb8+ Kf7 48. Rb7+ Kf8 49. h5 Rg3 50. Rb4 Rg2 51. Ke1 Kf7 52. Kf1 Rc2 53. Re4 Kf6 54. Re6+ Kf7 55. Rg6 Rc4 56. Kf2 Rb4 57. Kg3 Rb3+ 58. Kh4 Rb4 59. Ra6 Rb3 60. Re6 Ra3 61. Re2 Rb3 62. Rg2 Kf6 63. Rg3 Rb1 64. Ra3 Rb6 65. Re3 Ra6 66. Kg3 Kg5 67. Kf3 Ra4 68. Re7 Rf4+ 69. Ke3 Rxg4 70. Rxg7+ Kxf5 71. Rxg4 1/2-1/2

[Event "Beersheba-St Petersburg"]
[Site "Beersheba"]
[Date "1998.??.??"]
[Round "8"]
[White "Aseev, Konstantin N"]
[Black "Mikhalevski, Victor"]
[Result "1/2-1/2"]
[WhiteElo "2565"]
[BlackElo "2545"]
[PlyCount "102"]
[EventDate "1998.03.03"]
[Source "www.chesslib.no"]
[SourceDate "2004.05.04"]

1. e4 e5 2. Nf3 Nc6 3. Bb5 a6 4. Ba4 Nf6 5. O-O Nxe4 6. d4 b5 7. Bb3 d5 8. dxe5 Be6 9. c3 Bc5 10. Nbd2 O-O 11. Bc2 Nxf2 12. Rxf2 f6 13. exf6 Bxf2+ 14. Kxf2 Qxf6 15. Kg1 Rae8 16. Nf1 Ne5 17. Be3 Nxf3+ 18. Qxf3 Qxf3 19. gxf3 Rxf3 20. Bf2 Bh3 21. Ng3 g6 22. Re1 Rxe1+ 23. Bxe1 c5 24. Bf2 c4 25. a4 bxa4 26. Bxa4 Rf8 27. b4 cxb3 28. Bxb3 Be6 29. Ne4 a5 30. Nc5 Kf7 31. Bd4 Ke7 32. Kg2 g5 33. Bc2 Bf5 34. Bb3 Be6 35. Bc2 h6 36. Ba4 Rb8 37. Kg3 Rb1 38. h4 gxh4+ 39. Kxh4 Bf5 40. Kg3 Kd6 41. Bb3 Bc8 42. Kf3 Ba6 43. Bc2 Rb2 44. Bb3 Bc4 45. Nb7+ Ke6 46. Nc5+ Kf5 47. Ba4 h5 48. Bd7+ Kg6 49. Be8+ Kf5 50. Bd7+ Kg6 51. Be8+ Kf5 1/2-1/2

[Event "Tilburg"]
[Site "Tilburg"]
[Date "1992.??.??"]
[Round "1"]
[White "Popovic, Petar"]
[Black "Ernst, Thomas"]
[Result "0-1"]
[WhiteElo "2535"]
[BlackElo "2570"]
[PlyCount "125"]
[EventDate "1992.10.??"]
[Source "ChessBase"]

1. e4 e5 2. Nf3 Nc6 3. Bb5 a6 4. Ba4 Nf6 5. O-O Nxe4 6. d4 b5 7. Bb3 d5 8. dxe5 Be6 9. c3 Bc5 10. Nbd2 O-O 11. Bc2 Bf5 12. Nb3 Bg6 13. Nfd4 Bxd4 14. Nxd4 Qd7 15. f4 Nxd4 16. cxd4 f5 17. Be3 Bf7 18. Rc1 Be6 19. Bd3 c6 20. Rc2 Rac8 21. b4 Ra8 22. Qc1 Rfc8 23. Qa3 Kh8 24. Rfc1 Qb7 25. Qa5 Kg8 26. h3 Kh8 27. Kh2 Kg8 28. Be2 Qd7 29. Bf3 Qe8 30. Qa3 Kh8 31. Bd2 Bd7 32. Be1 Qe6 33. Qe3 Rf8 34. g3 Rac8 35. Rg2 Qh6 36. Bd2 g5 37. fxg5 f4 38. gxf4 Qxh3+ 39. Kg1 Nxd2 40. Rxd2 Qg3+ 41. Rg2 Qxf4 42. Rc3 Qxe3+ 43. Rxe3 Rf4 44. g6 Be6 45. gxh7 Rxd4 46. Bh5 Rxb4 47. Rf3 Rh4 48. Bg6 d4 49. Rf6 Bd5 50. Rg3 Be4 51. Bf7 Rxh7 52. e6 Bd5 53. Bg6 Rh1+ 54. Kf2 Bxe6 55. Rxe6 c5 56. Kg2 Rh6 57. Rxa6 c4 58. Rd6 d3 59. Rd7 Ra8 60. a3 Rh4 61. Bxd3 cxd3 62. Rgxd3 Rf8 63. R3d5 0-1

[Event "Corr"]
[Site "?"]
[Date "1998.??.??"]
[Round "?"]
[White "Brookes John G"]
[Black "Nilsson Joergen"]
[Result "1-0"]
[WhiteElo "2586"]
[BlackElo "2516"]
[PlyCount "71"]
[EventDate "1998.??.??"]
[Source "www.chesslib.no"]
[SourceDate "2004.05.04"]

1. e4 e5 2. Nf3 Nc6 3. Bb5 a6 4. Ba4 Nf6 5. O-O Nxe4 6. d4 b5 7. Bb3 d5 8. dxe5 Be6 9. c3 Bc5 10. Nbd2 O-O 11. Bc2 Nxf2 12. Rxf2 f6 13. exf6 Qxf6 14. Qf1 Rae8 15. Nb3 Bxf2+ 16. Qxf2 Ne5 17. Nbd4 Bg4 18. Bg5 Qf7 19. Rf1 c5 20. Nxe5 Rxe5 21. Bf4 Ree8 22. Qh4 Qh5 23. Qxh5 Bxh5 24. Nb3 Be2 25. Rf2 Bc4 26. h4 Bxb3 27. Bxb3 Re1+ 28. Kh2 c4 29. Bc2 b4 30. cxb4 d4 31. Ba4 d3 32. b5 axb5 33. Bxb5 Re4 34. g3 Rf5 35. a4 g6 36. Kg2 1-0

[Event "Thessaloniki ol"]
[Site "?"]
[Date "1988.??.??"]
[Round "5"]
[White "Nunn, J."]
[Black "Marin, M."]
[Result "1/2-1/2"]
[WhiteElo "2620"]
[BlackElo "2480"]
[PlyCount "54"]
[EventDate "1988.??.??"]
[Source "www.chesslib.no"]
[SourceDate "2004.05.04"]

1. e4 e5 2. Nf3 Nc6 3. Bb5 a6 4. Ba4 Nf6 5. O-O Nxe4 6. d4 b5 7. Bb3 d5 8. dxe5 Be6 9. c3 Bc5 10. Nbd2 O-O 11. Bc2 Bf5 12. Nb3 Bg6 13. Nfd4 Bxd4 14. cxd4 a5 15. Be3 a4 16. Nc1 a3 17. bxa3 Rxa3 18. Bb3 Nc3 19. Qd2 b4 20. Nd3 Bxd3 21. Qxd3 Qa8 22. Bd2 Nxa2 23. Rfe1 Na5 24. Rab1 Nc4 25. e6 fxe6 26. Rxe6 Nxd2 27. Qxd2 Nc3 1/2-1/2

[Event "otb"]
[Site "otb"]
[Date "2007.01.10"]
[Round "2"]
[White "Dvoirys Semen I"]
[Black "Bezgodov Alexei"]
[Result "1/2-1/2"]
[WhiteElo "2534"]
[BlackElo "2552"]
[PlyCount "38"]
[Source "www.chesslib.no"]
[SourceDate "2004.05.04"]

1. e4 e5 2. Nf3 Nc6 3. Bb5 a6 4. Ba4 Nf6 5. O-O Nxe4 6. d4 b5 7. Bb3 d5 8. dxe5 Be6 9. c3 Bc5 10. Nbd2 O-O 11. Bc2 Nxf2 12. Rxf2 f6 13. exf6 Bxf2+ 14. Kxf2 Qxf6 15. Nf1 Ne5 16. Be3 Rae8 17. Bd4 Qh4+ 18. Kg1 Nxf3+ 19. gxf3 Bh3 1/2-1/2

[Event "Reykjavik"]
[Site "Reykjavik"]
[Date "1985.??.??"]
[Round "3"]
[White "Arnason, Jon L"]
[Black "Jussupow, Artur"]
[Result "1/2-1/2"]
[WhiteElo "2495"]
[BlackElo "2590"]
[PlyCount "49"]
[EventDate "1985.02.??"]
[Source "ChessBase"]

1. e4 e5 2. Nf3 Nc6 3. Bb5 a6 4. Ba4 Nf6 5. O-O Nxe4 6. d4 b5 7. Bb3 d5 8. dxe5 Be6 9. c3 Bc5 10. Nbd2 O-O 11. Bc2 Bf5 12. Nb3 Bg6 13. Nfd4 Bxd4 14. cxd4 a5 15. Be3 a4 16. Nd2 a3 17. Nxe4 axb2 18. Rb1 Bxe4 19. Rxb2 Qd7 20. Bd3 Bxd3 21. Qxd3 Rfb8 22. Rfb1 b4 23. Rc1 h6 24. h3 Rb6 25. Qb1 1/2-1/2

[Event "Leeuwarden"]
[Site "?"]
[Date "1995.??.??"]
[Round "?"]
[White "Dvoirys, S."]
[Black "Mikhalevski, V."]
[Result "1-0"]
[WhiteElo "2580"]
[BlackElo "2495"]
[PlyCount "61"]
[EventDate "1995.??.??"]
[Source "ChessBase"]
[SourceDate "1995.06.01"]

1. e4 e5 2. Nf3 Nc6 3. Bb5 a6 4. Ba4 Nf6 5. O-O Nxe4 6. d4 b5 7. Bb3 d5 8. dxe5 Be6 9. c3 Bc5 10. Qe2 O-O 11. Be3 Bxe3 12. Qxe3 f6 13. exf6 Qxf6 14. Nbd2 Nxd2 15. Qxd2 Kh8 16. Qe3 Na5 17. Rae1 Rae8 18. Qa7 Nxb3 19. axb3 Bg4 20. Rxe8 Rxe8 21. Re1 Rf8 22. Ne5 Bc8 23. Qc5 b4 24. Re2 bxc3 25. bxc3 Qd8 26. f3 Bb7 27. Nd7 Rf7 28. Qe3 h6 29. Qe8+ Qxe8 30. Rxe8+ Kh7 31. Nf8+ 1-0

[Event "Elekes mem"]
[Site "Budapest"]
[Date "1994.??.??"]
[Round "11"]
[White "Tolnai, Tibor"]
[Black "Horvath, Csaba"]
[Result "1/2-1/2"]
[WhiteElo "2540"]
[BlackElo "2535"]
[PlyCount "24"]
[EventDate "1994.??.??"]
[Source "ChessBase"]

1. e4 e5 2. Nf3 Nc6 3. Bb5 a6 4. Ba4 Nf6 5. O-O Nxe4 6. d4 b5 7. Bb3 d5 8. dxe5 Be6 9. c3 Bc5 10. Nbd2 O-O 11. Bc2 Nxf2 12. Rxf2 f6 1/2-1/2

[Event "Tilburg NED"]
[Site "Tilburg NED"]
[Date "1987.??.??"]
[Round "?"]
[White "Sokolov, Ivan"]
[Black "Jussupow, Artur M"]
[Result "1/2-1/2"]
[WhiteElo "2425"]
[BlackElo "2645"]
[PlyCount "129"]
[EventDate "1987.??.??"]
[Source "www.chesslib.no"]
[SourceDate "2004.05.04"]

1. e4 e5 2. Nf3 Nc6 3. Bb5 a6 4. Ba4 Nf6 5. O-O Nxe4 6. d4 b5 7. Bb3 d5 8. dxe5 Be6 9. c3 Bc5 10. Qd3 O-O 11. Nbd2 f5 12. exf6 Nxf6 13. a4 Bf7 14. Ng5 Ne5 15. Qg3 Qd6 16. Nxf7 Nxf7 17. Nf3 Qxg3 18. hxg3 c6 19. Nd4 Bxd4 20. cxd4 Ne4 21. g4 Rfe8 22. Kh2 Nfd6 23. f3 Nf6 24. Bc2 bxa4 25. Rxa4 Nb5 26. Bf4 Nd7 27. Rfa1 Nb6 28. Rxa6 Nxd4 29. Bd3 Rxa6 30. Rxa6 Nc4 31. b4 g6 32. Ra7 Ne5 33. Ba6 g5 34. Bc1 Rb8 35. Re7 Nf7 36. Bd2 Kf8 37. Ra7 Nc2 38. b5 cxb5 39. Rc7 Nd4 40. Bb4+ Kg8 41. Bb7 Ne6 42. Rd7 Rd8 43. Rxd5 Rxd5 44. Bxd5 Nc7 45. Ba2 Kg7 46. Kg3 Kf6 47. Bc3+ Ke7 48. Kf2 Nd6 49. Bg8 h6 50. Ke3 Nf7 51. Ke4 Ke6 52. Kd4 Ke7 53. g3 Na6 54. Kd5 b4 55. Bg7 Nb8 56. Kc5 b3 57. f4 Nd7+ 58. Kb4 gxf4 59. gxf4 Nb6 60. Kxb3 Nd5 61. g5 hxg5 62. fxg5 Nf4 63. Bf6+ Kf8 64. Bh7 Nh5 65. Bg6 1/2-1/2